000 00356nam a2200157Ia 4500
003 0STCL
008 150530s9999 xx 000 0 und d
040 _aSTCL
_cSTCL
100 _aVictor Hugo; Isabel Hapgood, F.; Tr
245 _aLes miserables
260 _c1955
546 _aEnglish
942 _2ddc
_cBK
999 _c61749
_d61749
005 20220125171156.0